00637nam a2200157 a 450000100100000000500170001000800410002704000250006808200150009310000270010824500670013526000900020230000340029250000380032650001150036400004620620201002052716.0150706s1982 dr ac 000 0 spa d aDO-SdBNPbspacBNPHU axxxxbxxxx1 aSuárez Marill, Mario10aPodemos I /cMario Suárez Marill, Tenaida Camilo de Morillo. aSanto Domingo :bSecretaría de Estado de Educación. Bellas Artes y Cultos,c1982. a16 p. :bil.,retrs. ;c26 cm. aPrograma de educación ciudadana aEl programa especial de de Educación ciudadana fué creado mediante el decreto 210, de septiembre 8 de 1982